Regiony Niemiec, Austrii i Szwajcarii z mapą - Statystyki

Ogólne statystyki
  • Ten quiz został rozwiązany 501 razy
  • Średni wynik to 23 z 51
Odpowiedzi na mapie
Odpowiedzi zakodowano w zielono-czerwonej skali na mapie do tego quizu, zgodnie z poniższymi procentami.
 
Statystyki odpowiedzi
Land lub kanton % Poprawnych
Bawaria
95%
Berlin
93%
Wiedeń
90%
Hamburg
87%
Saksonia
87%
Brandenburgia
80%
Brema
79%
Szlezwik-Holsztyn
77%
Berno
75%
Nadrenia Północna-Westfalia
74%
Tyrol
71%
Zurych
71%
Dolna Saksonia
70%
Meklemburgia-Pomorze Przednie
70%
Turyngia
69%
Badenia-Wirtembergia
68%
Genewa
68%
Saara
68%
Hesja
67%
Saksonia-Anhalt
66%
Salzburg
59%
Dolna Austria
57%
Górna Austria
55%
Nadrenia-Palatynat
55%
Bazylea-Miasto
48%
Styria
40%
Burgenland
38%
Karyntia
36%
Lucerna
26%
Gryzonia
25%
Sankt Gallen
24%
Vorarlberg
23%
Ticino
19%
Zug
18%
Fryburg
16%
Jura
16%
Valais
16%
Vaud
16%
Neuchâtel
15%
Schwyz
15%
Uri
15%
Bazylea-Okręg
14%
Szafuza
14%
Argowia
13%
Appenzell Innerrhoden
12%
Nidwalden
12%
Obwalden
12%
Appenzell Ausserrhoden
11%
Turgowia
11%
Glarus
10%
Solura
10%
Nie znaleziono quizów pasujących do podanych kryteriów
Rozkład punktacji
Procent ludzi z każdym wynikiem
Percentyl według liczby udzielonych odpowiedzi
Twoja historia wyników
Nie rozwiązałeś tego quizu